| 000 | 01228nam a2200229Ia 4500 | ||
|---|---|---|---|
| 003 | Ost | ||
| 005 | 20260416102359.0 | ||
| 008 | 260416s9999||||xx |||||||||||||| ||und|| | ||
| 040 | _cfsecg | ||
| 041 | _aara | ||
| 082 | _a1.4 | ||
| 100 |
_aزاوي، عقيلة _eمؤلف |
||
| 245 | 0 |
_a منهجية البحث العلمي : _bالمستوى : السنة الاولى ليسانس / _c عقيلة زاوي |
|
| 260 |
_aالجزائر _bجامعة الجزائر3: كلية العلوم الإقتصادية، العلوم التجارية وعلوم التسيير _c2022 |
||
| 300 |
_a119 ورقة _bايضاحات _c30 سم |
||
| 504 | _aالمراجع ص.118 | ||
| 520 | _aالمعرفة وأنواعها وطرق تحصيلها، تعريف العلم وخصائص المعرفة العلمية، وظائف العلم وأهدافه، تعريف البحث العلمي وأنواع البحوث العلمية، صفات البحث الجيد ومراحله. | ||
| 653 | _aالبحث العلمي | ||
| 653 | _aطرق البحث | ||
| 710 |
_aجامعة الجزائر3: كلية العلوم الإقتصادية، العلوم التجارية وعلوم التسيير _eناشر علمي |
||
| 942 | _cHANDOUT | ||
| 999 |
_c41364 _d41364 |
||